Guess the Taylor Swift's song by the Bridge #4 - Statistics

General Stats
  • This quiz has been taken 4,961 times
    4,340 since last reset
  • The average score is 11 of 15
Answer Stats
Bridge Song % Correct
" And you wanna scream, don't call me "kid," don't call me "baby", look at this godforsaken mess that you made me, you showed me colors you know I can't see with anyone else, don't call me "kid," don't call me "baby", look at this idiotic fool that you made me, you taught me a secret language I can't speak with anyone else " ​illicit affairs - folklore
89%
" I hear the preacher say "(..... ...) or forever hold your peace" there's the silence, there's my last chance, I stand up with shaky hands, all eyes on me, horrified looks from everyone in the room, but I'm only looking at you " Speak Now (Taylor's Version) - Speak Now (Taylor's Version)
88%
" What's it like to brag about raking in dollars, and getting bit*hes and models? and it's all good if you're bad, and it's okay if you're mad, if I was out flashing my dollars, I'd be a bit*h, not a baller, they'd paint me out to be bad, so, it's okay that I'm mad " The Man - Lover
87%
" Sometimes I wonder when you sleep, are you ever dreaming of me? Sometimes when I look into your eyes I pretend you're mine, all the damn time, 'cause I like you " Delicate - reputation
84%
" I want to wear his initial on a chain 'round my neck, chain 'round my neck, not because he owns me, but 'cause he really knows me, which is more than they can say, I, I recall late November, holding my breath, slowly, I said, "you don't need to save me, but would you run away with me?" Yes (Would you run away?) " Call It What You Want - reputation
81%
" Hold on to spinning around, confetti falls to the ground, may these memories break our fall, will you take a moment? Promise me this, that you'll stand by me forever, but if, God forbid, fate should step in, and force us into a goodbye, if you have children some day, when they point to the pictures, lease tell 'em my name, tell 'em how the crowds went wild, tell 'em how I hope they shine, (.... ....) the walls we crashed through, I had the time of my life with you " Long Live (Taylor's Version) - Speak Now (Taylor's Version)
81%
" And they called off the circus, burned the disco down, when they sent home the horses and the rodeo clowns, I'm still on that tightrope, I'm still trying everything to get you laughing at me, and I'm still a believer, but I don't know why, I've never been a natural, all I do is try, try, try, I'm still on that trapeze, I'm still trying everything to keep you looking at me " mirrorball - folklore
80%
" Please, take my hand and, please, take me dancing and, please, leave me stranded, it's so romantic (It's so romantic) (Ah, ah, ah, ah, ah, ah) " New Romantics - 1989
78%
" Tell me that you're still mine, tell me that we'll be just fine, even when I lose my mind, I need to say, tell me that it's not my fault, tell me that I'm all you want, even when I break your heart, I need to say " Afterglow - Lover
77%
" While you were out building other worlds, where was I? Where's that man who'd throw blankets over my barbed wire? I made you my temple, my mural, my sky, now I'm begging for footnotes in the story of your life, drawing hearts in the byline, always taking up too much space or time, you assume I'm fine, but what would you do if I " tolerate it - evermore
75%
" Lyrical smile, indigo eyes, hand on my thigh, we could follow the sparks, I'll drive, lyrical smile, indigo eyes, hand on my thigh, we could follow the sparks, I'll drive "So where we gonna go?" I whisper in the dark "Where we gonna go?" " I Think He Knows - Lover
57%
" Your kiss, my cheek, I watched you leave, your smile, my ghost, I fell to my knees, when you're young, you just run ,but you come back to what you need " This Love (Taylor's Version) - 1989 (Taylor's Version)
52%
" How is it in London? (London) where were you while I'm wondering (Wondering) if I'll ever see you again? You could be the one that I love, mm-mm, and now I'm standin' here, hopin' it gets to you " Message In A Bottle (Taylor’s Version) [From The Vault] - Red (Taylor's Version)
50%
" No more keepin' score, now I just keep you warm (Keep you warm) no more tug of war, now I just know there's more (Know there's more) no more keepin' score, now I just keep you warm (Keep you warm) and my waves meet your shore ever and evermore " long story short - evermore
44%
" Call a cab, lose my number, you're about to lose your girl, call a cab, lose my number, let's consider this lesson learned " Girl At Home (Taylor’s Version) - Red (Taylor's Version)
42%
No matching quizzes found
Score Distribution
Percent of People with Each Score
Percentile by Number Answered
Your Score History
You have not taken this quiz since the last reset